Prenoms - Statistiques

Statistiques générales
  • Ce quiz a été pris 13 fois
  • Le résultat moyen est 2 sur 10
Statistiques - réponses
Reponse % Correct
10 Enzo
55%
1 gabriel
55%
9 Sacha
36%
7 Romain
18%
5 Samuel
18%
4 Yanis
18%
2 augustin
9%
6 Axel
9%
8 Karim
9%
3 Matheo
0%
Aucun quiz correspondant
Distribution des résultats
% des personnes avec chaque résultat
Percentile par nombre de réponses
Votre historique - résultats
Vous n’avez pas pris ce quiz